[Event "Mario Desautels mem A"]
[Site "Gatineau CAN"]
[Date "2001.01.23"]
[Round "2"]
[White "Cote, Jacques"]
[Black "Thomann, Olivier"]
[Result "1-0"]
[WhiteElo "2077"]
[BlackElo "1801"]
[PlyCount "55"]
[GameId "2160767911610516"]
[EventDate "2001.01.16"]
[EventType "swiss"]
[EventRounds "5"]
[EventCountry "CAN"]
[SourceTitle "EXT 2005"]
[Source "ChessBase"]
[SourceDate "2004.11.15"]
[SourceVersion "1"]
[SourceVersionDate "2004.11.15"]
[SourceQuality "1"]

1. e4 e5 2. Nf3 Nc6 3. Bb5 a6 4. Ba4 Nf6 5. O-O Nxe4 6. d4 b5 7. Bb3 d5 8. dxe5 Be6 9. Qe2 Nc5 10. Rd1 Nxb3 11. axb3 Bc5 12. c4 bxc4 13. bxc4 Nb4 14. cxd5 Bxd5 15. Nc3 c6 16. Bg5 Be7 17. Nxd5 cxd5 18. Bxe7 Qxe7 19. Nd4 O-O 20. Ra4 Rfb8 21. Nf5 Qg5 22. Nd6 Rb6 23. g3 Rab8 24. f4 Qe7 25. Qd2 Qc7 26. Rc1 Rc6 27. Rxc6 Qxc6 28. Rxb4 1-0

[Event "Mario Desautels mem A"]
[Site "Gatineau CAN"]
[Date "2001.01.23"]
[Round "2"]
[White "Hastie, Robert"]
[Black "Papineau, Andre"]
[Result "0-1"]
[WhiteElo "1777"]
[BlackElo "1700"]
[PlyCount "76"]
[GameId "2160767911610517"]
[EventDate "2001.01.16"]
[EventType "swiss"]
[EventRounds "5"]
[EventCountry "CAN"]
[SourceTitle "EXT 2005"]
[Source "ChessBase"]
[SourceDate "2004.11.15"]
[SourceVersion "1"]
[SourceVersionDate "2004.11.15"]
[SourceQuality "1"]

1. e4 c5 2. c4 d6 3. Nc3 Nc6 4. g3 g6 5. Bg2 Bg7 6. d3 Nf6 7. f4 O-O 8. Nge2 Bg4 9. O-O Qc8 10. Rf2 Nd4 11. Qf1 Bxe2 12. Nxe2 Ng4 13. Bh3 h5 14. e5 dxe5 15. Nxd4 exd4 16. Bxg4 hxg4 17. f5 gxf5 18. Rxf5 e6 19. Rf2 Be5 20. Bh6 Bg7 21. Bg5 f5 22. Re1 Qc6 23. Rfe2 Rae8 24. Bf4 Rf7 25. b3 Bf8 26. Be5 Rh7 27. Bf6 Bh6 28. Be5 Be3+ 29. Rxe3 dxe3 30. Rxe3 Kf7 31. Qf4 Rg8 32. Bb2 Rg6 33. Qe5 Rxh2 34. Re4 Rh7 35. Qf4 Ke7 36. Qxf5 Rgh6 37. Bc3 Rh1+ 38. Kf2 Rf7 0-1

[Event "Mario Desautels mem A"]
[Site "Gatineau CAN"]
[Date "2001.01.23"]
[Round "2"]
[White "Lacourse, Guy"]
[Black "Pilon, Robert"]
[Result "1/2-1/2"]
[WhiteElo "1694"]
[BlackElo "1568"]
[PlyCount "91"]
[GameId "2160767911618710"]
[EventDate "2001.01.16"]
[EventType "swiss"]
[EventRounds "5"]
[EventCountry "CAN"]

1. d4 Nf6 2. Nf3 g6 3. c4 c5 4. Nc3 cxd4 5. Nxd4 Bg7 6. e4 d6 7. f3 Nc6 8. Be3 O-O 9. Qd2 Nxd4 10. Bxd4 b6 11. Be2 Ba6 12. Rc1 Rc8 13. b3 Rc7 14. O-O Bb7 15. Nb5 Rd7 16. a4 a6 17. Nc3 Qa8 18. Bxb6 Rc8 19. a5 Ne8 20. Bd4 Rdc7 21. Na4 Rc6 22. Bxg7 Nxg7 23. b4 Qa7+ 24. Kh1 Ne6 25. b5 axb5 26. Nb6 R8c7 27. Nd5 Rd7 28. cxb5 Rc5 29. b6 Qxa5 30. Qxa5 Rxa5 31. Ra1 Rxa1 32. Rxa1 Bxd5 33. exd5 Nc5 34. Ra7 e6 35. Bb5 Rd8 36. Bc6 Kg7 37. Ra8 Rxa8 38. Bxa8 Na6 39. Bc6 Nb8 40. Kg1 Kf6 41. Kf2 Ke5 42. dxe6 fxe6 43. Be8 Kd4 44. Bf7 Kc5 45. Bxe6 g5 46. b7 1/2-1/2

[Event "Mario Desautels mem A"]
[Site "Gatineau CAN"]
[Date "2001.01.30"]
[Round "3"]
[White "Arsenault, Michel"]
[Black "Cote, Jacques"]
[Result "1-0"]
[WhiteElo "2030"]
[BlackElo "2077"]
[PlyCount "79"]
[GameId "2160767911618711"]
[EventDate "2001.01.16"]
[EventType "swiss"]
[EventRounds "5"]
[EventCountry "CAN"]
[SourceTitle "EXT 2005"]
[Source "ChessBase"]
[SourceDate "2004.11.15"]
[SourceVersion "1"]
[SourceVersionDate "2004.11.15"]
[SourceQuality "1"]

1. c4 e6 2. Nf3 f5 3. g3 Nf6 4. Bg2 d5 5. b3 Bd6 6. Bb2 O-O 7. cxd5 exd5 8. e3 Nbd7 9. Qc2 c6 10. Nd4 Nc5 11. b4 Nce4 12. a3 Ng4 13. f4 Qe7 14. O-O Qf7 15. Nf3 Qh5 16. Nc3 Be6 17. Rae1 c5 18. d3 cxb4 19. axb4 g5 20. dxe4 dxe4 21. Nxe4 fxe4 22. Qxe4 Rae8 23. Qd4 Be5 24. fxe5 Rd8 25. Qc5 Rc8 26. Qe7 Rfe8 27. Qxg5+ Qxg5 28. Nxg5 Rc2 29. Bd4 Bc4 30. Rc1 Rxc1 31. Rxc1 b5 32. e6 h6 33. Bh3 Nxh2 34. Kxh2 hxg5 35. Ra1 Bxe6 36. Bxe6+ Rxe6 37. Rxa7 Kf8 38. Rg7 Rh6+ 39. Kg2 Rh5 40. g4 1-0

[Event "Mario Desautels mem A"]
[Site "Gatineau CAN"]
[Date "2001.01.30"]
[Round "3"]
[White "Lemieux, Richard"]
[Black "Roy, Roger"]
[Result "1/2-1/2"]
[WhiteElo "1787"]
[BlackElo "1720"]
[PlyCount "87"]
[GameId "2160767911618712"]
[EventDate "2001.01.16"]
[EventType "swiss"]
[EventRounds "5"]
[EventCountry "CAN"]
[SourceTitle "EXT 2005"]
[Source "ChessBase"]
[SourceDate "2004.11.15"]
[SourceVersion "1"]
[SourceVersionDate "2004.11.15"]
[SourceQuality "1"]

1. e4 g6 2. d4 Bg7 3. Bc4 e6 4. Bb3 a5 5. a4 d5 6. e5 Na6 7. Be3 c5 8. c3 cxd4 9. Bxd4 Qc7 10. f4 Nc5 11. Nd2 Nd3+ 12. Kf1 Nxb2 13. Qe2 b6 14. Ra2 Ba6 15. c4 Nxc4 16. Nxc4 dxc4 17. Bc2 Ne7 18. Qf2 Nd5 19. Be4 Rb8 20. Ne2 Nb4 21. Ra3 Nd3 22. Qe3 Bf8 23. Rc3 Bb4 24. Rc2 Nc5 25. Bf3 Nxa4 26. h4 h5 27. g4 hxg4 28. Bxg4 Bb7 29. Rh2 b5 30. h5 Qc6 31. Ng3 gxh5 32. Nxh5 Ke7 33. f5 Rbg8 34. Qg3 Rxg4 35. Qxg4 Qf3+ 36. Qxf3 Bxf3 37. f6+ Kd7 38. Nf4 Rxh2 39. Rxh2 Be4 40. Rh8 c3 41. Rg8 c2 42. Be3 Ba3 43. Rg7 Ke8 44. Rg8+ 1/2-1/2

[Event "Mario Desautels mem A"]
[Site "Gatineau CAN"]
[Date "2001.01.30"]
[Round "3"]
[White "Thomann, Olivier"]
[Black "Rose, Richard"]
[Result "1/2-1/2"]
[WhiteElo "1801"]
[BlackElo "1818"]
[PlyCount "63"]
[GameId "2160767911618713"]
[EventDate "2001.01.16"]
[EventType "swiss"]
[EventRounds "5"]
[EventCountry "CAN"]
[SourceTitle "EXT 2005"]
[Source "ChessBase"]
[SourceDate "2004.11.15"]
[SourceVersion "1"]
[SourceVersionDate "2004.11.15"]
[SourceQuality "1"]

1. e4 c6 2. d4 d5 3. exd5 cxd5 4. c4 Nf6 5. Nc3 dxc4 6. Bxc4 e6 7. Nf3 a6 8. a4 Bd6 9. O-O O-O 10. Bg5 h6 11. Bh4 Nbd7 12. Qe2 Qc7 13. Rac1 Qb8 14. Bg3 Bxg3 15. hxg3 b6 16. Ne5 Qd6 17. Rfd1 Bb7 18. Rd2 Rfc8 19. f4 Rd8 20. Rcd1 Nd5 21. Nxd5 exd5 22. Bd3 Nf6 23. Ra1 Ne4 24. Bxe4 dxe4 25. Nc4 Qb4 26. a5 bxa5 27. Nxa5 Rxd4 28. Rxd4 Qxd4+ 29. Kh2 Bd5 30. Rd1 Qc5 31. b4 Qd6 32. Qxe4 1/2-1/2

[Event "Mario Desautels mem A"]
[Site "Gatineau CAN"]
[Date "2001.02.06"]
[Round "4"]
[White "Lacourse, Guy"]
[Black "Thomann, Olivier"]
[Result "1/2-1/2"]
[WhiteElo "1694"]
[BlackElo "1801"]
[PlyCount "67"]
[GameId "2160767911618714"]
[EventDate "2001.01.16"]
[EventType "swiss"]
[EventRounds "5"]
[EventCountry "CAN"]
[SourceTitle "EXT 2005"]
[Source "ChessBase"]
[SourceDate "2004.11.15"]
[SourceVersion "1"]
[SourceVersionDate "2004.11.15"]
[SourceQuality "1"]

1. d4 Nf6 2. Nf3 g6 3. g3 Bg7 4. c4 d5 5. Bg2 c6 6. cxd5 cxd5 7. Nc3 O-O 8. O-O Nc6 9. b3 Re8 10. Bb2 Bf5 11. Ne5 Rc8 12. Rc1 Be6 13. Nxc6 Rxc6 14. Qd2 Qa5 15. Rfe1 Rec8 16. f3 R6c7 17. e3 Bd7 18. Bf1 b5 19. a3 Qb6 20. Nb1 Rxc1 21. Rxc1 Rxc1 22. Qxc1 Bh6 23. Kf2 Ne8 24. Qc5 Qxc5 25. dxc5 Bg7 26. Bxg7 Kxg7 27. Nc3 Nc7 28. Bd3 e6 29. h4 f5 30. b4 Kf6 31. f4 e5 32. Ne2 Ne6 33. Nc3 Nc7 34. Ne2 1/2-1/2

[Event "Mario Desautels mem A"]
[Site "Gatineau CAN"]
[Date "2001.02.06"]
[Round "4"]
[White "Marghetis, Aris"]
[Black "Laurin, Jacques"]
[Result "0-1"]
[WhiteElo "1761"]
[BlackElo "2028"]
[PlyCount "120"]
[GameId "2160767911618715"]
[EventDate "2001.01.16"]
[EventType "swiss"]
[EventRounds "5"]
[EventCountry "CAN"]
[SourceTitle "EXT 2005"]
[Source "ChessBase"]
[SourceDate "2004.11.15"]
[SourceVersion "1"]
[SourceVersionDate "2004.11.15"]
[SourceQuality "1"]

1. e4 e6 2. d3 c5 3. g3 d5 4. Nd2 d4 5. Bg2 Nc6 6. f4 e5 7. Nc4 f6 8. a4 Be6 9. b3 Na5 10. fxe5 Nxc4 11. bxc4 Qc7 12. exf6 Nxf6 13. Bh3 Bf7 14. Bf4 Bd6 15. Qd2 O-O 16. Nf3 Bxf4 17. Qxf4 Qe7 18. O-O Rae8 19. Rf2 Bh5 20. Raf1 Ng4 21. Bxg4 Rxf4 22. Bxh5 Rf6 23. Bxe8 Qxe8 24. Re2 Qxa4 25. e5 Qe8 26. Kg2 Rf5 27. e6 g5 28. Rb1 Qc6 29. Re4 g4 30. Rxg4+ Kf8 31. Re4 Ke7 32. Rbe1 Qa4 33. R1e2 Qc6 34. g4 Rf6 35. Nh4 Rxe6 36. Nf5+ Kd7 37. Kh3 Rxe4 38. dxe4 a5 39. Kh4 a4 40. Kg5 a3 41. e5 Qg6+ 42. Kf4 Ke6 43. Re1 h6 44. Ra1 Qg5+ 45. Kg3 h5 46. h3 h4+ 47. Nxh4 Qxe5+ 48. Kg2 d3 49. Rxa3 d2 50. Rd3 Qe2+ 51. Kg3 Qxd3+ 52. cxd3 d1=Q 53. Kf4 Qxd3 54. Kg5 Qd8+ 55. Kh5 Qh8+ 56. Kg5 Qf6+ 57. Kh5 Qf1 58. Nf5 Kf6 59. h4 Qh3 60. Nh6 Qe3 0-1

[Event "Mario Desautels mem A"]
[Site "Gatineau CAN"]
[Date "2001.02.06"]
[Round "4"]
[White "Roy, Roger"]
[Black "Lafontaine, Claude"]
[Result "1/2-1/2"]
[WhiteElo "1720"]
[BlackElo "1643"]
[PlyCount "83"]
[GameId "2160767911618716"]
[EventDate "2001.01.16"]
[EventType "swiss"]
[EventRounds "5"]
[EventCountry "CAN"]
[SourceTitle "EXT 2005"]
[Source "ChessBase"]
[SourceDate "2004.11.15"]
[SourceVersion "1"]
[SourceVersionDate "2004.11.15"]
[SourceQuality "1"]

1. d4 Nf6 2. c4 g6 3. Nc3 d5 4. cxd5 Nxd5 5. e4 Nxc3 6. bxc3 Bg7 7. Bc4 c5 8. Ne2 Nc6 9. Be3 O-O 10. O-O cxd4 11. cxd4 b6 12. Rc1 Bb7 13. Bd5 Qd6 14. Qa4 Rfc8 15. Rfd1 e6 16. Bf4 Qd7 17. Bb3 Qe7 18. d5 exd5 19. Bxd5 Na5 20. Rxc8+ Rxc8 21. Bxb7 Nxb7 22. f3 Nc5 23. Qb4 Rd8 24. Rxd8+ Qxd8 25. Qd2 Qf6 26. e5 Qf5 27. Nc3 Bxe5 28. Qd8+ Kg7 29. Bxe5+ Qxe5 30. Qd2 Ne6 31. Ne4 f5 32. Qd7+ Kh6 33. Qd2+ g5 34. Nxg5 Nxg5 35. h4 f4 36. hxg5+ Kxg5 37. Qd8+ Qf6 38. Qg8+ Qg6 39. Qd8+ Kh5 40. Qd5+ Kh6 41. Qd2 Qg5 42. Qd6+ 1/2-1/2

[Event "Mario Desautels mem A"]
[Site "Gatineau CAN"]
[Date "2001.02.13"]
[Round "5"]
[White "Arsenault, Michel"]
[Black "Hastie, Robert"]
[Result "1/2-1/2"]
[WhiteElo "2030"]
[BlackElo "1777"]
[PlyCount "59"]
[GameId "2160767911618717"]
[EventDate "2001.01.16"]
[EventType "swiss"]
[EventRounds "5"]
[EventCountry "CAN"]
[SourceTitle "EXT 2005"]
[Source "ChessBase"]
[SourceDate "2004.11.15"]
[SourceVersion "1"]
[SourceVersionDate "2004.11.15"]
[SourceQuality "1"]

1. c4 e6 2. Nf3 Nf6 3. g3 d5 4. b3 g6 5. Bg2 Bg7 6. Bb2 O-O 7. O-O c5 8. e3 Nc6 9. Qe2 Qe7 10. d3 Rd8 11. Nbd2 e5 12. cxd5 Nxd5 13. a3 Be6 14. Nc4 Nb6 15. Nfd2 Nxc4 16. Nxc4 Bd5 17. Rfd1 Rd7 18. Rac1 Rad8 19. Bxd5 Rxd5 20. e4 Nd4 21. Bxd4 Rxd4 22. Ne3 Bh6 23. Rc4 Bxe3 24. Qxe3 Rxc4 25. bxc4 Rd4 26. Kf1 Kg7 27. Ke2 Qd7 28. f3 Qa4 29. Qc1 Qd7 30. Qe3 1/2-1/2

[Event "Mario Desautels mem A"]
[Site "Gatineau CAN"]
[Date "2001.02.13"]
[Round "5"]
[White "Danis, Jacques"]
[Black "Lacourse, Guy"]
[Result "1-0"]
[WhiteElo "1772"]
[BlackElo "1694"]
[PlyCount "47"]
[GameId "2160767911618718"]
[EventDate "2001.01.16"]
[EventType "swiss"]
[EventRounds "5"]
[EventCountry "CAN"]
[SourceTitle "EXT 2005"]
[Source "ChessBase"]
[SourceDate "2004.11.15"]
[SourceVersion "1"]
[SourceVersionDate "2004.11.15"]
[SourceQuality "1"]

1. e4 c5 2. d4 cxd4 3. c3 Nf6 4. e5 Nd5 5. cxd4 d6 6. Nf3 g6 7. Bc4 Nb6 8. Bb3 Bg7 9. Nc3 O-O 10. O-O Bg4 11. exd6 Qxd6 12. Be3 a6 13. Ne4 Qd8 14. h3 Bxf3 15. Qxf3 N6d7 16. Rfd1 Nc6 17. Rac1 Rc8 18. Qe2 Nxd4 19. Bxd4 Rxc1 20. Rxc1 Bxd4 21. Rd1 Bb6 22. Qg4 e6 23. Qe2 Qc7 24. Rxd7 1-0

[Event "Mario Desautels mem A"]
[Site "Gatineau CAN"]
[Date "2001.02.13"]
[Round "5"]
[White "Lafontaine, Claude"]
[Black "Lavergne, Daniel"]
[Result "1-0"]
[WhiteElo "1643"]
[BlackElo "1663"]
[PlyCount "62"]
[GameId "2160767911618719"]
[EventDate "2001.01.16"]
[EventType "swiss"]
[EventRounds "5"]
[EventCountry "CAN"]
[SourceTitle "EXT 2005"]
[Source "ChessBase"]
[SourceDate "2004.11.15"]
[SourceVersion "1"]
[SourceVersionDate "2004.11.15"]
[SourceQuality "1"]

1. d4 Nf6 2. c4 c5 3. dxc5 Nc6 4. Nc3 e6 5. e4 Bxc5 6. Bg5 Be7 7. Nf3 d6 8. a3 a6 9. Bd3 h6 10. Bh4 O-O 11. h3 Nd7 12. Bg3 Nde5 13. Nxe5 dxe5 14. O-O Bf6 15. Kh1 Qe7 16. Qh5 Bd7 17. Ne2 Qc5 18. f4 Qe3 19. Rad1 Qb6 20. b4 exf4 21. Bxf4 g6 22. Qxh6 Bg7 23. Qh4 f5 24. exf5 gxf5 25. c5 Qd8 26. Qg3 Qe8 27. Bc4 Rf6 28. Qd3 Rd8 29. Bc7 Qg6 30. Bxd8 Ne5 31. Nf4 Bc6 1-0

[Event "Mario Desautels mem A"]
[Site "Gatineau CAN"]
[Date "2001.02.13"]
[Round "5"]
[White "Lemieux, Richard"]
[Black "Rose, Richard"]
[Result "1/2-1/2"]
[WhiteElo "1787"]
[BlackElo "1818"]
[PlyCount "80"]
[GameId "2160767911618722"]
[EventDate "2001.01.16"]
[EventType "swiss"]
[EventRounds "5"]
[EventCountry "CAN"]
[SourceTitle "EXT 2005"]
[Source "ChessBase"]
[SourceDate "2004.11.15"]
[SourceVersion "1"]
[SourceVersionDate "2004.11.15"]
[SourceQuality "1"]

1. e4 c5 2. d4 cxd4 3. c3 dxc3 4. Nxc3 Nc6 5. Bc4 e6 6. Nf3 Bb4 7. O-O Na5 8. Be2 Bxc3 9. bxc3 Ne7 10. Qd6 O-O 11. Rd1 Ng6 12. Ba3 Re8 13. Nd4 a6 14. Bc5 Nc6 15. Nxc6 bxc6 16. Rab1 Qe7 17. Rb6 Qf6 18. Rdb1 Qxc3 19. g3 Qe5 20. f3 f5 21. Bd3 fxe4 22. Bxe4 Qxd6 23. Bxd6 Nh8 24. a4 Nf7 25. Ba3 d5 26. Bd3 Ne5 27. Be2 Nc4 28. Bxc4 dxc4 29. Rxc6 Bd7 30. Rxc4 Rac8 31. Rbc1 Rxc4 32. Rxc4 Rb8 33. Kf2 Rc8 34. Rxc8+ Bxc8 35. Ke3 Bd7 36. a5 Kf7 37. f4 g6 38. Ke4 Bb5 39. Ke5 h5 40. h4 Be2 1/2-1/2

[Event "Mario Desautels mem A"]
[Site "Gatineau CAN"]
[Date "2001.02.13"]
[Round "5"]
[White "Papineau, Andre"]
[Black "Marghetis, Aris"]
[Result "0-1"]
[WhiteElo "1700"]
[BlackElo "1761"]
[PlyCount "106"]
[GameId "2160767911618723"]
[EventDate "2001.01.16"]
[EventType "swiss"]
[EventRounds "5"]
[EventCountry "CAN"]
[SourceTitle "EXT 2005"]
[Source "ChessBase"]
[SourceDate "2004.11.15"]
[SourceVersion "1"]
[SourceVersionDate "2004.11.15"]
[SourceQuality "1"]

1. d4 Nf6 2. Nf3 g6 3. g3 Bg7 4. Bg2 d6 5. c4 O-O 6. O-O Nbd7 7. Nc3 e5 8. Bg5 h6 9. Bxf6 Bxf6 10. dxe5 dxe5 11. Qd2 Bg7 12. Rad1 c6 13. Bh3 Qc7 14. Bxd7 Rd8 15. Qd6 Qxd7 16. Qc5 Qe8 17. Rxd8 Qxd8 18. Nxe5 Be6 19. Rd1 Qc7 20. f4 Bf8 21. Qd4 Be7 22. Qe3 Qa5 23. Nd3 Rd8 24. a3 Bf6 25. b4 Qxa3 26. Ne5 Rxd1+ 27. Nxd1 Qxb4 28. Kf2 Be7 29. Qd3 Qd6 30. Qc2 Bf5 31. Qb3 Qb4 32. Qxb4 Bxb4 33. Nd3 Bxd3 34. exd3 Bc5+ 35. Kf3 Bd4 36. Ke4 c5 37. Ne3 f5+ 38. Kf3 Bxe3 39. Kxe3 Kf7 40. d4 cxd4+ 41. Kxd4 Ke6 42. Kc5 Kd7 43. h3 h5 44. h4 Kc7 45. Kd5 b6 46. Ke6 a5 47. Kf6 a4 48. Kxg6 a3 49. Kxf5 a2 50. Kg5 a1=Q 51. Kxh5 Qf6 52. g4 Qxf4 53. g5 Kd7 0-1

[Event "Mario Desautels mem A"]
[Site "Gatineau CAN"]
[Date "2001.02.13"]
[Round "5"]
[White "Seguin, Hubert"]
[Black "Roy, Roger"]
[Result "1/2-1/2"]
[WhiteElo "1651"]
[BlackElo "1720"]
[PlyCount "72"]
[GameId "2160767911618724"]
[EventDate "2001.01.16"]
[EventType "swiss"]
[EventRounds "5"]
[EventCountry "CAN"]
[SourceTitle "EXT 2005"]
[Source "ChessBase"]
[SourceDate "2004.11.15"]
[SourceVersion "1"]
[SourceVersionDate "2004.11.15"]
[SourceQuality "1"]

1. e4 c5 2. Nf3 d6 3. d4 cxd4 4. Nxd4 Nf6 5. Nc3 a6 6. Be2 e6 7. Be3 b5 8. a3 Be7 9. f4 Bb7 10. Bf3 O-O 11. Qd2 d5 12. exd5 Nxd5 13. Nxd5 Bxd5 14. O-O Bxf3 15. Rxf3 Qc7 16. Raf1 Nc6 17. Qf2 Rac8 18. c3 Nxd4 19. Bxd4 Bc5 20. Bxc5 Qxc5 21. Qxc5 Rxc5 22. Rd3 Rd5 23. Rxd5 exd5 24. Rd1 Rd8 25. Kf2 Kf8 26. Rd4 Ke7 27. a4 bxa4 28. Rxa4 Rb8 29. b4 Rb6 30. Ke3 Kd6 31. Ra5 Rc6 32. Kd3 f6 33. b5 axb5 34. Rxb5 g6 35. g3 Rc5 36. Rb8 Rc7 1/2-1/2

[Event "Mario Desautels mem B"]
[Site "Gatineau CAN"]
[Date "2001.02.06"]
[Round "4"]
[White "Dallaire, Dominic"]
[Black "Dupont, Claude"]
[Result "1-0"]
[WhiteElo "1416"]
[BlackElo "1310"]
[PlyCount "46"]
[GameId "2160767911618725"]
[EventDate "2001.01.16"]
[EventType "swiss"]
[EventRounds "5"]
[EventCountry "CAN"]
[SourceTitle "EXT 2005"]
[Source "ChessBase"]
[SourceDate "2004.11.15"]
[SourceVersion "1"]
[SourceVersionDate "2004.11.15"]
[SourceQuality "1"]

1. e4 c5 2. Nf3 Nc6 3. d4 cxd4 4. Nxd4 e5 5. Nb5 a6 6. Nd6+ Bxd6 7. Qxd6 Qe7 8. Qc7 d6 9. Qb6 Nf6 10. Bg5 h6 11. Bxf6 Qxf6 12. Nc3 Nd4 13. Bd3 O-O 14. O-O-O Qxf2 15. Qxd6 Qxg2 16. Rdg1 Qh3 17. Qxe5 Ne6 18. Rg3 Qh4 19. Nd5 Kh7 20. Rhg1 f6 21. Qf5+ Kh8 22. e5 Ng5 23. Qg6 fxe5 1-0

[Event "Mario Desautels mem B"]
[Site "Gatineau CAN"]
[Date "2001.02.13"]
[Round "5"]
[White "Scantland, Patrick"]
[Black "Maisonneuve, Paul"]
[Result "1-0"]
[WhiteElo "1497"]
[BlackElo "1519"]
[PlyCount "103"]
[GameId "2160767911618726"]
[EventDate "2001.01.16"]
[EventType "swiss"]
[EventRounds "5"]
[EventCountry "CAN"]
[SourceTitle "EXT 2005"]
[Source "ChessBase"]
[SourceDate "2004.11.15"]
[SourceVersion "1"]
[SourceVersionDate "2004.11.15"]
[SourceQuality "1"]

1. c4 Nf6 2. g3 g6 3. Bg2 Bg7 4. Nc3 O-O 5. b3 c6 6. Bb2 d6 7. e4 Nbd7 8. Nge2 Ng4 9. h3 Nh6 10. O-O f5 11. d3 fxe4 12. dxe4 Nc5 13. b4 Ne6 14. Na4 Rb8 15. Bxg7 Kxg7 16. a3 Ng5 17. Kh2 Nf3+ 18. Bxf3 Rxf3 19. Nf4 Rxf4 20. gxf4 Qf8 21. Qd4+ Kg8 22. Qe3 Be6 23. Nb2 Qf7 24. Rac1 Kg7 25. Rg1 Qf6 26. Nd3 Qh4 27. f5 Bd7 28. Rg3 Kf7 29. fxg6+ hxg6 30. Qf3+ Kg7 31. Rcg1 Ng4+ 32. Rxg4 Bxg4 33. Qxg4 Qf6 34. Nf4 Kh7 35. Qxg6+ Qxg6 36. Rxg6 Rf8 37. Rg4 e5 38. Rh4+ Kg8 39. Rh8+ Kxh8 40. Ng6+ Kg7 41. Nxf8 Kxf8 42. Kg3 Kg7 43. f4 exf4+ 44. Kxf4 Kf6 45. h4 b5 46. cxb5 c5 47. bxc5 dxc5 48. e5+ Kg6 49. Ke4 c4 50. Kd4 Kf5 51. Kxc4 Kxe5 52. Kc5 1-0

[Event "Match"]
[Site "Quebec CAN"]
[Date "2001.01.13"]
[Round "1"]
[White "Guy, Philippe"]
[Black "Hebert, Andre jr"]
[Result "0-1"]
[WhiteElo "1778"]
[BlackElo "1626"]
[PlyCount "88"]
[GameId "2160767911618727"]
[EventDate "2001.01.13"]
[EventType "match"]
[EventRounds "3"]
[EventCountry "CAN"]

1. d4 Nf6 2. c4 d5 3. cxd5 Nxd5 4. e4 Nf6 5. Nc3 c6 6. Bc4 b5 7. Bb3 b4 8. e5 Nd5 9. Ne4 Ba6 10. Ne2 e6 11. O-O Nd7 12. f4 c5 13. dxc5 Nxc5 14. Nxc5 Bxc5+ 15. Kh1 Ne3 16. Bxe3 Bxe3 17. Ba4+ Ke7 18. Qe1 Qa5 19. Rf3 Bxf4 20. Qh4+ g5 21. Qh6 Qxe5 22. Nxf4 gxf4 23. Rxf4 Rhg8 24. Raf1 Bxf1 25. Rxf1 Qg5 26. Qh3 Rac8 27. Qf3 f5 28. Qb7+ Kf6 29. h3 Rc1 30. Bd1 Rc7 31. Qf3 Qg3 32. Qxg3 Rxg3 33. Kh2 Rd3 34. Bb3 Rd2 35. Re1 e5 36. Kh1 Rxb2 37. Rd1 e4 38. Rd6+ Kg5 39. Rd5 e3 40. Re5 Kf4 41. Re6 Rc1+ 42. Kh2 e2 43. g3+ Kg5 44. h4+ Kg4 0-1

[Event "Match"]
[Site "Quebec CAN"]
[Date "2001.01.20"]
[Round "2"]
[White "Hebert, Andre jr"]
[Black "Guy, Philippe"]
[Result "0-1"]
[WhiteElo "1626"]
[BlackElo "1778"]
[PlyCount "56"]
[GameId "2160767911618728"]
[EventDate "2001.01.13"]
[EventType "match"]
[EventRounds "3"]
[EventCountry "CAN"]

1. Nf3 d5 2. b3 c5 3. Bb2 Nc6 4. e3 Nf6 5. d3 a6 6. Be2 Qd6 7. O-O e5 8. h3 h6 9. Nbd2 Be6 10. c4 d4 11. e4 Be7 12. Nh2 O-O 13. a3 Nd7 14. Re1 b5 15. Ndf1 bxc4 16. bxc4 Rfb8 17. Ra2 Rb6 18. Bc1 Rab8 19. Qc2 R8b7 20. Rb2 Qb8 21. Rxb6 Rxb6 22. f4 exf4 23. Bg4 Nf8 24. Qf2 g5 25. g3 fxg3 26. Nxg3 Ne5 27. Bxe6 Rxe6 28. Nh5 Nxd3 0-1

[Event "Match"]
[Site "Quebec CAN"]
[Date "2001.01.27"]
[Round "3"]
[White "Guy, Philippe"]
[Black "Hebert, Andre jr"]
[Result "1/2-1/2"]
[WhiteElo "1778"]
[BlackElo "1626"]
[PlyCount "71"]
[GameId "2160767911618729"]
[EventDate "2001.01.13"]
[EventType "match"]
[EventRounds "3"]
[EventCountry "CAN"]

1. g3 d5 2. Bg2 e5 3. b3 Nf6 4. Bb2 Nc6 5. d3 Bd6 6. Nd2 Be6 7. c4 O-O 8. Ngf3 h6 9. O-O Qd7 10. Rc1 d4 11. a3 a5 12. e3 Bc5 13. exd4 Bxd4 14. Bxd4 exd4 15. Re1 Bf5 16. Qc2 Bh3 17. Ne4 Nxe4 18. Rxe4 Bxg2 19. Kxg2 f5 20. Re2 Rae8 21. Rce1 Rxe2 22. Qxe2 Rf7 23. Ne5 Nxe5 24. Qxe5 b6 25. f3 Kf8 26. h4 Re7 27. Qxe7+ Qxe7 28. Rxe7 Kxe7 29. g4 Kf6 30. Kg3 g5 31. hxg5+ hxg5 32. b4 f4+ 33. Kf2 axb4 34. axb4 Ke6 35. Ke2 c5 36. b5 1/2-1/2

[Event "Mauricie op"]
[Site "Trois-Rivieres CAN"]
[Date "2001.03.16"]
[Round "1"]
[White "Chabot, Roland"]
[Black "Audet-Bouchard, Nicolas"]
[Result "1-0"]
[WhiteElo "2261"]
[BlackElo "1991"]
[PlyCount "146"]
[GameId "2160767911565141"]
[EventDate "2001.03.16"]
[EventType "swiss"]
[EventRounds "5"]
[EventCountry "CAN"]
[SourceTitle "EXT 2003"]
[Source "ChessBase"]
[SourceDate "2002.11.25"]
[SourceVersion "1"]
[SourceVersionDate "2002.11.25"]
[SourceQuality "1"]

1. d4 Nf6 2. c4 e6 3. Nc3 Bb4 4. e3 b6 5. Bd3 Bb7 6. Nf3 Ne4 7. O-O Bxc3 8. bxc3 d6 9. Ne1 Nd7 10. f3 Nef6 11. e4 e5 12. Nc2 Qe7 13. Ne3 g6 14. Rb1 Rc8 15. Re1 c6 16. Nf1 Nh5 17. g3 Ng7 18. Rb2 Ne6 19. Be3 c5 20. d5 Ng7 21. Bh6 Nh5 22. Ne3 f6 23. f4 Kd8 24. f5 Ng7 25. Bf1 Kc7 26. Qa4 Ra8 27. Bh3 g5 28. Bg4 Rhg8 29. Kh1 Ne8 30. Be2 Qd8 31. Qa3 Qe7 32. Bd1 Ng7 33. Rg2 Ne8 34. Be2 Ng7 35. Qa4 Ne8 36. Qd1 Ba6 37. Bd3 Qf7 38. g4 Bb7 39. Bc2 Qe7 40. Ba4 Ng7 41. Bb5 Ne8 42. Rb2 Rb8 43. Bc6 Qd8 44. Qa4 Ra8 45. Reb1 Nb8 46. Bxb7 Kxb7 47. Qb3 Nd7 48. Nc2 Ng7 49. Na3 Ne8 50. Nb5 Qc8 51. Qa4 Nb8 52. Nxa7 Qc7 53. Qb3 Kxa7 54. Qxb6+ Qxb6 55. Rxb6 Rh8 56. Rb7+ Ka6 57. Rxb8 Rxb8 58. Rxb8 Ka7 59. Rd8 Kb7 60. Rd7+ Kb6 61. Kg2 Ka6 62. Kg3 Kb6 63. Rf7 Ka6 64. h4 gxh4+ 65. Kxh4 Kb6 66. Kh5 Ka6 67. Rf8 Rxf8 68. Bxf8 Ka5 69. Kh6 Ka4 70. Kxh7 Ka3 71. Kg6 Kxa2 72. Kf7 Kb3 73. Kxe8 Kxc3 1-0